[Event "SD-2020-0-00307"]
[Site "LSS email"]
[Date "2020.01.21"]
[Round "?"]
[White "Guralivu, Paul Iosif"]
[Black "Correa de Almeida, Claudio"]
[Result "0-1"]
[WhiteElo "1323"]
[BlackElo "1606"]
[PlyCount "22"]
[EventDate "2019.08.22"]
[EventType "tourn (corr)"]
[EventRounds "6"]
[EventCountry "GER"]
[SourceTitle "Corr 2022"]
[Source "ChessBase"]
[SourceDate "2021.10.24"]
[SourceVersion "1"]
[SourceVersionDate "2021.10.24"]
[SourceQuality "1"]

1. e4 c5 2. Nf3 Nc6 3. d4 cxd4 4. Nxd4 Nf6 5. Nc3 e5 6. Ndb5 d6 7. Bg5 a6 8. Na3 b5 9. Bxf6 gxf6 10. Nd5 f5 11. g3 fxe4 0-1

[Event "ZL-2020-0-02200"]
[Site "LSS email"]
[Date "2020.01.17"]
[Round "?"]
[White "Csoma, Robert"]
[Black "Guralivu, Paul Iosif"]
[Result "0-1"]
[WhiteElo "1057"]
[BlackElo "1424"]
[PlyCount "24"]
[EventDate "2019.12.09"]
[EventType "match (corr)"]
[EventRounds "2"]
[EventCountry "GER"]
[SourceTitle "Corr 2022"]
[Source "ChessBase"]
[SourceDate "2021.10.24"]
[SourceVersion "1"]
[SourceVersionDate "2021.10.24"]
[SourceQuality "1"]

1. c4 c5 2. Nc3 g6 3. Nf3 Nf6 4. d4 Bg7 5. g3 Qa5 6. Bg2 Ne4 7. 0-0 Nxc3 8. bxc3 Qxc3 9. Bd2 Qxc4 10. Rc1 Qxa2 11. Rxc5 Nc6 12. d5 d6 0-1

[Event "RE-2019-0-00211"]
[Site "LSS email"]
[Date "2019.11.08"]
[Round "?"]
[White "Guralivu, Paul Iosif"]
[Black "Nowak, Andrzej"]
[Result "0-1"]
[WhiteElo "1313"]
[BlackElo "1408"]
[PlyCount "54"]
[EventDate "2019.03.29"]
[EventType "tourn (corr)"]
[EventRounds "6"]
[EventCountry "GER"]
[SourceTitle "Corr 2022"]
[Source "ChessBase"]
[SourceDate "2021.10.24"]
[SourceVersion "1"]
[SourceVersionDate "2021.10.24"]
[SourceQuality "1"]

1. d4 d5 2. c4 Nc6 3. e3 e5 4. Nc3 exd4 5. exd4 Bb4 6. cxd5 Qxd5 7. Nf3 Nf6 8. Be2 Qa5 9. 0-0 0-0 10. Na4 Re8 11. a3 Bd6 12. Bg5 Nxd4 13. Qxd4 Re4 14. Qd1 Qxa4 15. b3 Qd7 16. Bd3 Re8 17. Bxf6 gxf6 18. h3 Kg7 19. Rc1 Bxa3 20. Rc4 h5 21. Rd4 Qc6 22. b4 a5 23. Rh4 Rh8 24. Nd4 Qd5 25. Bc2 c6 26. Be4 Qe5 27. bxa5 Bd6 0-1

[Event "RF-2019-0-00493"]
[Site "LSS email"]
[Date "2019.10.26"]
[Round "?"]
[White "Chura, Michal"]
[Black "Guralivu, Paul Iosif"]
[Result "1/2-1/2"]
[WhiteElo "1088"]
[BlackElo "1323"]
[PlyCount "22"]
[EventDate "2019.09.16"]
[EventType "tourn (corr)"]
[EventRounds "6"]
[EventCountry "GER"]
[SourceTitle "Corr 2022"]
[Source "ChessBase"]
[SourceDate "2021.10.24"]
[SourceVersion "1"]
[SourceVersionDate "2021.10.24"]
[SourceQuality "1"]

1. f4 d5 2. Nf3 Nf6 3. e3 c5 4. Bb5+ Bd7 5. Qe2 Nc6 6. b3 e6 7. Bb2 Bd6 8. 0-0 0-0 9. d3 b6 10. Bxc6 Bxc6 11. Nbd2 Nd7 1/2-1/2

[Event "RE-2019-0-00212"]
[Site "LSS email"]
[Date "2019.10.16"]
[Round "?"]
[White "Wilshusen, Horst"]
[Black "Guralivu, Paul Iosif"]
[Result "1/2-1/2"]
[WhiteElo "1258"]
[BlackElo "1321"]
[PlyCount "28"]
[EventDate "2019.04.12"]
[EventType "tourn (corr)"]
[EventRounds "6"]
[EventCountry "GER"]
[SourceTitle "Corr 2022"]
[Source "ChessBase"]
[SourceDate "2021.10.24"]
[SourceVersion "1"]
[SourceVersionDate "2021.10.24"]
[SourceQuality "1"]

1. Nf3 d5 2. e3 Nf6 3. c4 e6 4. Nc3 c6 5. d4 Nbd7 6. Bd3 dxc4 7. Bxc4 b5 8. Bd3 Bb7 9. 0-0 a6 10. Bd2 c5 11. Rc1 Bd6 12. Re1 0-0 13. Bb1 b4 14. Na4 cxd4 1/2-1/2

[Event "RF-2019-0-00492"]
[Site "LSS email"]
[Date "2019.10.09"]
[Round "?"]
[White "Guralivu, Paul Iosif"]
[Black "Hickl, Norbert"]
[Result "1-0"]
[WhiteElo "1323"]
[BlackElo "924"]
[PlyCount "35"]
[EventDate "2019.09.07"]
[EventType "tourn (corr)"]
[EventRounds "6"]
[EventCountry "GER"]
[SourceTitle "Corr 2022"]
[Source "ChessBase"]
[SourceDate "2021.10.24"]
[SourceVersion "1"]
[SourceVersionDate "2021.10.24"]
[SourceQuality "1"]

1. e4 e6 2. d4 d5 3. Nc3 dxe4 4. Nxe4 Nd7 5. Nf3 Ngf6 6. Bd3 c5 7. 0-0 Nxe4 8. Bxe4 Nf6 9. Bg5 Be7 10. Bxf6 Bxf6 11. c3 Rb8 12. dxc5 Qc7 13. Qa4+ Bd7 14. Qxa7 0-0 15. Rfd1 Be7 16. b4 Bf6 17. Nd4 Qf4 18. Bxb7 1-0

[Event "RF-2019-0-00491"]
[Site "LSS email"]
[Date "2019.10.09"]
[Round "?"]
[White "Guralivu, Paul Iosif"]
[Black "Shim Ng Min, Francis"]
[Result "1-0"]
[WhiteElo "1323"]
[BlackElo "1265"]
[PlyCount "53"]
[EventDate "2019.08.31"]
[EventType "tourn (corr)"]
[EventRounds "6"]
[EventCountry "GER"]
[SourceTitle "Corr 2022"]
[Source "ChessBase"]
[SourceDate "2021.10.24"]
[SourceVersion "1"]
[SourceVersionDate "2021.10.24"]
[SourceQuality "1"]

1. d4 d5 2. c4 e6 3. Nc3 Nf6 4. e3 Be7 5. Nf3 0-0 6. b3 c5 7. Bb2 Nc6 8. dxc5 Bxc5 9. a3 a5 10. Bd3 dxc4 11. bxc4 Qd7 12. Na4 Ba7 13. Bxf6 gxf6 14. Qc2 f5 15. 0-0 Rd8 16. Rad1 e5 17. Be4 Nd4 18. exd4 fxe4 19. dxe5 Qe8 20. Qxe4 Rxd1 21. Rxd1 Be6 22. Ng5 Qxa4 23. Qxh7+ Kf8 24. Nxe6+ Ke8 25. Qh8+ Ke7 26. Qf6+ Ke8 27. Rd8+ 1-0

[Event "RF-2019-0-00491"]
[Site "LSS email"]
[Date "2019.10.09"]
[Round "?"]
[White "Guralivu, Paul Iosif"]
[Black "Zmolil, Karel"]
[Result "1-0"]
[WhiteElo "1323"]
[BlackElo "1053"]
[PlyCount "75"]
[EventDate "2019.08.31"]
[EventType "tourn (corr)"]
[EventRounds "6"]
[EventCountry "GER"]
[SourceTitle "Corr 2022"]
[Source "ChessBase"]
[SourceDate "2021.10.24"]
[SourceVersion "1"]
[SourceVersionDate "2021.10.24"]
[SourceQuality "1"]

1. e4 c5 2. Nf3 Nc6 3. d4 cxd4 4. Nxd4 d6 5. Nc3 Nf6 6. Bg5 e6 7. Qd2 h6 8. Be3 Ng4 9. 0-0-0 Nxe3 10. Qxe3 Be7 11. Ndb5 0-0 12. Nxd6 Qa5 13. Bb5 e5 14. Nc4 Qxb5 15. Nxb5 Bg5 16. Qxg5 hxg5 17. h4 g4 18. Ne3 b6 19. h5 a6 20. Nc7 Ra7 21. Ncd5 Rb7 22. h6 g6 23. Nf6+ Kh8 24. Rd6 Ne7 25. Rhd1 Be6 26. Nexg4 Ng8 27. Rd8 Rb8 28. Rxf8 Rxf8 29. Rd6 Nxf6 30. Nxf6 Rb8 31. b3 a5 32. a4 Rc8 33. Rxb6 g5 34. Rb5 g4 35. Kb2 g3 36. f4 Bxb3 37. cxb3 Rd8 38. Rb7 1-0

[Event "IECC CL0-2019.00 email"]
[Site "IECC email"]
[Date "2019.10.09"]
[Round "?"]
[White "Raines, David T"]
[Black "Guralivu, Paul Iosif"]
[Result "1/2-1/2"]
[WhiteElo "1267"]
[BlackElo "1323"]
[PlyCount "20"]
[EventDate "2019.08.12"]
[EventType "tourn (corr)"]
[EventRounds "4"]
[SourceTitle "Corr 2022"]
[Source "ChessBase"]
[SourceDate "2021.10.24"]
[SourceVersion "1"]
[SourceVersionDate "2021.10.24"]
[SourceQuality "1"]

1. d4 d5 2. Nf3 Nf6 3. e3 c5 4. Bd3 e6 5. 0-0 Nc6 6. b3 Bd6 7. Bb2 cxd4 8. exd4 0-0 9. Nbd2 Nb4 10. Be2 Ne4 1/2-1/2

[Event "SE-2019-0-00302"]
[Site "LSS email"]
[Date "2019.10.06"]
[Round "?"]
[White "Lonyuk, Bohdan"]
[Black "Guralivu, Paul Iosif"]
[Result "0-1"]
[WhiteElo "1356"]
[BlackElo "1323"]
[PlyCount "44"]
[EventDate "2019.07.16"]
[EventType "tourn (corr)"]
[EventRounds "6"]
[EventCountry "GER"]
[SourceTitle "Corr 2022"]
[Source "ChessBase"]
[SourceDate "2021.10.24"]
[SourceVersion "1"]
[SourceVersionDate "2021.10.24"]
[SourceQuality "1"]

1. e4 c5 2. Nf3 d6 3. d4 cxd4 4. Nxd4 Nf6 5. Nc3 a6 6. Bg5 e6 7. f4 h6 8. Bh4 Qb6 9. a3 Be7 10. Bf2 Qc7 11. Qf3 Nc6 12. 0-0-0 Bd7 13. g4 Nxd4 14. Bxd4 e5 15. g5 exd4 16. gxf6 dxc3 17. fxe7 cxb2+ 18. Kb1 Rc8 19. Bd3 Qc3 20. Ka2 Rc5 21. Rb1 Be6+ 22. Bc4 Bxc4# 0-1

[Event "SE-2019-0-00302"]
[Site "LSS email"]
[Date "2019.10.01"]
[Round "?"]
[White "D'Emilia, Jack"]
[Black "Guralivu, Paul Iosif"]
[Result "0-1"]
[WhiteElo "1288"]
[BlackElo "1323"]
[PlyCount "106"]
[EventDate "2019.07.16"]
[EventType "tourn (corr)"]
[EventRounds "6"]
[EventCountry "GER"]
[SourceTitle "Corr 2022"]
[Source "ChessBase"]
[SourceDate "2021.10.24"]
[SourceVersion "1"]
[SourceVersionDate "2021.10.24"]
[SourceQuality "1"]

1. e4 c5 2. Nf3 d6 3. Bc4 Nf6 4. Nc3 a6 5. a4 Nc6 6. 0-0 Bg4 7. Be2 e6 8. d4 cxd4 9. Nxd4 Bxe2 10. Ndxe2 Be7 11. Ng3 0-0 12. Nce2 d5 13. e5 Nxe5 14. Nd4 Rc8 15. c3 Re8 16. Bg5 h6 17. Bxf6 Bxf6 18. Nh5 Nc4 19. Qe2 Bxd4 20. cxd4 g6 21. Nf4 Qf6 22. b3 Qxf4 23. bxc4 Rxc4 24. Qe3 Qxd4 25. Qxd4 Rxd4 26. Rfb1 Rb8 27. a5 Rd2 28. Kf1 Rc8 29. Rc1 Rxc1+ 30. Rxc1 Ra2 31. Rc5 d4 32. Ke1 Kg7 33. Rc7 Rxa5 34. Rxb7 Ra1+ 35. Kd2 Ra2+ 36. Ke1 a5 37. h4 a4 38. g4 a3 39. Ra7 d3 40. f4 Re2+ 41. Kd1 a2 42. Ra6 Rf2 43. Ke1 d2+ 44. Kxf2 d1Q 45. Rxa2 Qxg4 46. Ke3 Qxh4 47. Rf2 h5 48. Ke2 Qg4+ 49. Kf1 h4 50. Ke1 h3 51. Rf1 h2 52. Kf2 Qxf4+ 53. Kg2 Qxf1+ 0-1

[Event "SE-2019-0-00302"]
[Site "LSS email"]
[Date "2019.10.01"]
[Round "?"]
[White "Guralivu, Paul Iosif"]
[Black "Lauer, Frederic"]
[Result "1-0"]
[WhiteElo "1323"]
[BlackElo "1199"]
[PlyCount "69"]
[EventDate "2019.07.16"]
[EventType "tourn (corr)"]
[EventRounds "6"]
[EventCountry "GER"]
[SourceTitle "Corr 2022"]
[Source "ChessBase"]
[SourceDate "2021.10.24"]
[SourceVersion "1"]
[SourceVersionDate "2021.10.24"]
[SourceQuality "1"]

1. d4 Nf6 2. c4 e6 3. Nc3 d5 4. e3 c6 5. Nf3 Nbd7 6. Qc2 Bd6 7. b3 0-0 8. Bb2 dxc4 9. bxc4 Bb4 10. Be2 Qc7 11. 0-0 c5 12. Nb5 Qb6 13. e4 a6 14. e5 axb5 15. exf6 Nxf6 16. a3 Ba5 17. cxb5 cxd4 18. Bxd4 Qc7 19. Qb2 Qe7 20. b6 Bd7 21. Ne5 Rfd8 22. Bf3 Nd5 23. Rac1 f6 24. Bxd5 exd5 25. Nxd7 Rxd7 26. Rfd1 h6 27. h3 Qd6 28. Rc2 Ra6 29. Rc8+ Kh7 30. Qc2+ g6 31. Re8 Bxb6 32. Bxb6 Rxb6 33. Qc8 g5 34. Rh8+ Kg6 35. Qe8+ 1-0

[Event "RF-2019-0-00472"]
[Site "LSS email"]
[Date "2019.04.13"]
[Round "?"]
[White "Guralivu, Paul Iosif"]
[Black "Chura, Michal"]
[Result "1/2-1/2"]
[WhiteElo "1291"]
[BlackElo "1176"]
[PlyCount "29"]
[EventDate "2019.03.14"]
[EventType "tourn (corr)"]
[EventRounds "6"]
[EventCountry "GER"]
[SourceTitle "Corr 2022"]
[Source "ChessBase"]
[SourceDate "2021.10.24"]
[SourceVersion "1"]
[SourceVersionDate "2021.10.24"]
[SourceQuality "1"]

1. e4 c5 2. Nf3 Nc6 3. d4 cxd4 4. Nxd4 Nf6 5. Nc3 a6 6. Bg5 Qb6 7. Nb3 d6 8. Qd2 e6 9. 0-0-0 Ne5 10. f4 Nc6 11. Kb1 h6 12. Bxf6 gxf6 13. Na4 Qc7 14. c4 b6 15. Rg1 1/2-1/2